000 00497nam a2200169Ia 4500
005 20250508151509.0
008 008 250505s9999 xx 000 0 eng d
037 _aBooks to be hide in OPAC
040 _aFEDL
_beng
_cFEDL
041 _aeng
_2eng
084 _a378.541 42, CAL/O
_qFEDL
245 0 _aReport of the committee appointed by the senate on the 25th March 1922
260 _c1922
300 _a51p.
942 _cHB
_h378.541 42, CAL/O
999 _c1330198
_d1330198